000 00299nam a22001337a 4500
008 170504b xxu||||| |||| 00| 0 eng d
020 _a9780159000601
041 _aeng
080 _a34
100 _a13
101 _aSHJ
245 _aLEGALINES CONSTITUTIONAL LAW
_cNEVILLE.J
942 _2udc
_cBK
999 _c12620
_d12620